000 00395cam a22001097a 4500
008 180718b1960 xxu||||| |||| 00| 0 eng d
082 _aB141x42 Un2d
100 _aUnited Kingdom. Departmental Committee on human artificial insemination
245 _aReport of the Departmental Committee on human artificial insemination
260 _aLondon
_bHer Majesty's Stationery Office
_c1960
300 _a97p.
999 _c393067
_d393067